[Event "URU-chT Provinces"]
[Site "Montevideo"]
[Date "2017.08.26"]
[Round "4.1"]
[White "Visillac, Alejandro"]
[Black "Taran, Ignacio"]
[Result "1/2-1/2"]
[WhiteElo "1843"]
[BlackElo "1560"]
[PlyCount "152"]
[EventDate "2017.08.25"]
[EventType "team-swiss"]
[EventRounds "5"]
[EventCountry "URU"]
[SourceTitle "EXT 2019"]
[Source "ChessBase"]
[SourceDate "2018.10.10"]
[SourceVersion "1"]
[SourceVersionDate "2018.10.10"]
[SourceQuality "1"]
[WhiteTeam "Montevideo"]
[BlackTeam "Canelones Pando"]
[WhiteTeamCountry "URU"]
[BlackTeamCountry "URU"]

1. e4 c5 2. Nf3 d6 3. d3 Nc6 4. g3 g6 5. Bg2 Bg7 6. 0-0 Nf6 7. c3 0-0 8. Re1 Qc7 9. d4 cxd4 10. cxd4 Bg4 11. Nc3 a6 12. h3 Bxf3 13. Bxf3 e6 14. Be3 Rac8 15. Rc1 Qd8 16. h4 h6 17. Kg2 b5 18. Rh1 Nh7 19. Qd2 h5 20. Ne2 e5 21. d5 Nb8 22. Rxc8 Qxc8 23. Qb4 Qd7 24. Rc1 Bf6 25. Nc3 Rc8 26. Ne2 Rxc1 27. Nxc1 Bd8 28. Be2 Qc7 29. Qd2 Nf6 30. f3 Nbd7 31. b4 Nb6 32. Bxb6 Qxb6 33. Qc3 Be7 34. Nb3 Kg7 35. Na5 Bf8 36. Nc6 Nd7 37. Qc1 f6 38. f4 Qc7 39. Qa3 Qb6 40. f5 gxf5 41. exf5 e4 42. Bxh5 Ne5 43. Qc3 Nc4 44. Nd4 Kh6 45. Be2 Ne5 46. Qe3+ Kh7 47. Qxe4 Bh6 48. Bh5 Qc7 49. Nc6 Qb6 50. Bg6+ Kh8 51. Nxe5 dxe5 52. Qc2 Qd6 53. Qc6 Bf8 54. Qb7 Be7 55. Qc8+ Kg7 56. Qe6 Qxe6 57. dxe6 Bxb4 58. Be8 Bc5 59. Kf3 b4 60. g4 Kh6 61. Ke4 Be7 62. Kd5 Kg7 63. Ba4 a5 64. Bc2 Kf8 65. Kc6 Ke8 66. Kb5 Bd8 67. g5 fxg5 68. hxg5 Bxg5 69. Kxa5 Be7 70. Kb5 Kf8 71. f6 Bxf6 72. Kxb4 Ke7 73. Bb3 e4 74. a4 e3 75. Bc4 Bd4 76. Kb5 e2 1/2-1/2

[Event "URU-chT Provinces"]
[Site "Montevideo"]
[Date "2017.08.25"]
[Round "2.1"]
[White "Greiver, Alejandro"]
[Black "Taran, Ignacio"]
[Result "1-0"]
[WhiteElo "1695"]
[BlackElo "1560"]
[PlyCount "107"]
[EventDate "2017.08.25"]
[EventType "team-swiss"]
[EventRounds "5"]
[EventCountry "URU"]
[SourceTitle "EXT 2019"]
[Source "ChessBase"]
[SourceDate "2018.10.10"]
[SourceVersion "1"]
[SourceVersionDate "2018.10.10"]
[SourceQuality "1"]
[WhiteTeam "Colonia Nueva Helvecia"]
[BlackTeam "Canelones Pando"]
[WhiteTeamCountry "URU"]
[BlackTeamCountry "URU"]

1. e4 c5 2. Nc3 Nc6 3. Bb5 g6 4. Bxc6 bxc6 5. f4 Bg7 6. Nf3 d6 7. 0-0 Nf6 8. d3 0-0 9. Qe1 Qc7 10. b3 a5 11. Bd2 Bb7 12. Qh4 h5 13. Ng5 Qd7 14. h3 e6 15. Na4 Ra6 16. Rad1 Qe7 17. Qe1 Rfa8 18. e5 Nd5 19. a3 Bc8 20. c4 Nc7 21. Be3 Rb8 22. exd6 Qxd6 23. Nxc5 Raa8 24. Nge4 Qd8 25. d4 f5 26. Nc3 Bf8 27. N3a4 Na6 28. Qc3 Qf6 29. Qc2 Nxc5 30. dxc5 Ra7 31. Bd4 Qf7 32. Be5 Rba8 33. Rd3 Rd7 34. Rfd1 Raa7 35. Qf2 Rxd3 36. Rxd3 Rd7 37. Rxd7 Bxd7 38. Bc3 Be8 39. Qd4 Bg7 40. Qxg7+ Qxg7 41. Bxg7 Kxg7 42. Nb2 Kf6 43. Nd3 Ke7 44. Kf2 Kf6 45. h4 Kg7 46. Ke3 Kf7 47. Kd4 Kf6 48. b4 axb4 49. axb4 Ke7 50. Ke5 Bd7 51. Nc1 Bc8 52. Nb3 Bd7 53. Nd4 Be8 54. b5 1-0